| 000 | 00671nam a2200181Ia 4500 | ||
|---|---|---|---|
| 008 | 151202s9999||||xx |||||||||||||| ||und|| | ||
| 082 | _bPNVM-70423 | ||
| 100 | _aमुजावर इसाक. | ||
| 245 | _aतीन पिढ्यांचा आवाज लता. | ||
| 260 | _b"नवचैतन्य प्रकाशन,बोरोवली." | ||
| 260 | _c70423 | ||
| 300 | _a152 | ||
| 600 | _aमुजावर इसाक. | ||
| 630 | _aतीन पिढ्यांचा आवाज लता. | ||
| 700 | _aमुजावर इसाक. | ||
| 730 | _aतीन पिढ्यांचा आवाज लता. | ||
| 942 | _cBOOK | ||
| 999 |
_c1336932 _d1336929 |
||